Vnútroskupinové služby s nízkou pridanou hodnotou v perspektíve dokumentov OECD

Vnútroskupinové služby v zákone o dani z príjmov. Súčasný stav právnej úpravy. Vnútroskupinové služby v dokumentácii o transferovom oceňovaní. Stanovenie transferovej ceny. Najnovší vývoj na úrovni OECD.

Salvato in:
Dettagli Bibliografici
Autore principale: Kočiš, Michal
Natura: Capitolo di libro
Lingua:slovacco
Soggetti:
Tags: Aggiungi Tag
Nessun Tag, puoi essere il primo ad aggiungerne!!

MARC

LEADER 00000naa a2200000 4500
001 0214151
005 20231114104425.3
041 0 |a slo 
044 |a SK 
245 1 0 |a Vnútroskupinové služby s nízkou pridanou hodnotou v perspektíve dokumentov OECD  |c Michal Kočiš 
520 |a Vnútroskupinové služby v zákone o dani z príjmov. Súčasný stav právnej úpravy. Vnútroskupinové služby v dokumentácii o transferovom oceňovaní. Stanovenie transferovej ceny. Najnovší vývoj na úrovni OECD. 
610 2 0 |a služby 
610 2 0 |a osoby závislé 
610 2 0 |a oceňovanie transferové 
610 2 0 |a ceny transferové 
610 2 0 |a dane z príjmov 
610 2 0 |a OECD 
100 1 |a Kočiš, Michal